| 000 | 00362 a2200121 4500 | ||
|---|---|---|---|
| 001 | ART_17576 | ||
| 005 | 20260410161923.0 | ||
| 008 | 260409a | ||
| 245 | 1 | 0 | _aIndustry performance gradients indexes |
| 100 | 1 | _aWillig, R.D. | |
| 700 | 1 | _aDansby, Robert E. | |
| 773 | 0 |
_tThe American Economic Review _g- Vol. 69, NÂș 3 (jun. 1979) _wREV16190 |
|
| 999 |
_c27921 _d27921 |
||